Λογική σχεδίαση λειτουργικών μονάδων ηλεκτρονικών υπολογιστών
Αποθηκεύτηκε σε:
| Κύριος συγγραφέας: | |
|---|---|
| Μορφή: | Βιβλίο |
| Γλώσσα: | Greek |
| Δημοσίευση: |
Γιάννινα :
Πανεπιστήμιο Ιωαννίνων,
1990.
|
| Θέματα: | |
| Ετικέτες: |
Προσθήκη ετικέτας
Δεν υπάρχουν, Καταχωρήστε ετικέτα πρώτοι!
|
MARC
| LEADER | 00000cam a2200000 i 4500 | ||
|---|---|---|---|
| 001 | 1/43500 | ||
| 008 | 950410s1990 gr | ||| |||| ||gre|| | ||
| 035 | |a 1995 |l 10042044 | ||
| 040 | |a GR-MyUA |b gre |e AACR2 | ||
| 041 | 0 | |a gre | |
| 082 | 0 | |a 004.21 | |
| 100 | 1 | |a Λεοντίτσης, Ανδρέας Σ. | |
| 245 | 1 | 0 | |a Λογική σχεδίαση λειτουργικών μονάδων ηλεκτρονικών υπολογιστών / |c Ανδρέα Σ. Λεοντίτση. |
| 260 | |a Γιάννινα : |b Πανεπιστήμιο Ιωαννίνων, |c 1990. | ||
| 300 | |a 149 σ. : |b εικ. ; |c 25 εκ. | ||
| 500 | |a Περιλαμβάνει βιβλιογραφικές αναφορές. | ||
| 650 | 0 | 0 | |a Electronic digital computers |x Design and construction. |
| 650 | 0 | 0 | |a Computer architecture. |
| 650 | 0 | 0 | |a Computer organization. |
| 852 | |a INST |b SAMOS |e 19950410 |h 004.21 ΛΕΟ |p 005300005742 |q 005300005742 |t BK |y 0 | ||
| 909 | |a Σ |b 038840 | ||